000 00356nam a2200133Ia 4500
008 151001s9999||||xx |||||||||||||| ||und||
100 _aतुळजापुरकर वैनतेय
245 _aअठराव वरीस(च) लग्नाच
250 _a1
260 _bप्रणव
260 _c1980
300 _a224
365 _b22
999 _c960766
_d960763